=LDR 00000nam 2200000 4500 =001 INLIS000000000033588 =005 20130612135531 =008 ***********************************ind** =035 ##$$0010-061300000033588 =041 ##$$a ind =090 ##$$a 813.94, Mar,k =100 ##$$a Martini, Eni =245 ##$$a Kontrasepsi, Eni Martini ; Editor,Christian Sumamora =260 ##$$a 2009 $b Jakarta =300 ##$$a vii,247 hlm., 20 cm =650 ##$$a Fiksi Indonesia =700 ##$$a Simamora,Christian =850 ##$$a NBPNMAT